| 000 | 00704nam a2200241Ia 4500 | ||
|---|---|---|---|
| 001 | 9611 | ||
| 003 | GE_BSU | ||
| 008 | 181216s||||||||xx |||||||||||||| ||und|| | ||
| 020 | _a9785903927210 | ||
| 040 | _cGE_BSU | ||
| 080 | _a3(100) | ||
| 245 | _aГод планеты | ||
| 245 | _bЭкономика, политика, безопасность: Ежегодник выпуск 2013 года | ||
| 245 | _cГл;редактор:В,Г,Баранобский | ||
| 260 | _aМосква | ||
| 260 | _bИдея-Пресс | ||
| 260 | _c2013 | ||
| 300 | _a496ст,21см | ||
| 653 | _aГод планеты | ||
| 653 | _aЭкономика | ||
| 653 | _aეკონომიკა | ||
| 942 | _cBK | ||
| 999 |
_c42896 _d42896 |
||